| 000 | 01852nam a2200217 4500 | ||
|---|---|---|---|
| 005 | 20250411143215.0 | ||
| 008 | 250411b |||||||| |||| 00| 0 eng d | ||
| 020 | _a9781639897421 | ||
| 037 | _cTextual | ||
| 040 |
_aRTL _cRTL |
||
| 084 |
_aU28 R3 _qRTL |
||
| 245 | _aCurrent Progress in Hydrometeorological Observations and Modeling | ||
| 260 |
_aUSA _bStates Academic Press _c2023 |
||
| 300 |
_avii, 237 p. _bIncludes bibliographical references, notes and index |
||
| 520 | _aThe branch of study that focuses on the energy, chemistry, physics, and water fluxes in the atmosphere and Earth’s surface is known as hydrometeorology. Hydrometeorological hazards originate due to extreme meteorological and climatic occurrences having atmospheric, hydrological, or oceanographic origin. A few examples of hydrometeorological hazards include typhoons, hurricanes, floods, drought, heatwaves, cold spells, and coastal storm surges. Hydrometeorological monitoring systems are required to develop adequate preparedness and mitigation strategies. The hydrometeorological phenomena can be modeled in three major ways, namely, nowcasting, numerical weather prediction, and statistical techniques. Nowcasting refers to the weather forecasting on a very short mesoscale period. This book traces the progress of hydrometeorology, and highlights some of its key concepts and applications. It unfolds the innovative aspects of hydrometeorological observations and modeling, which will be crucial for the progress of this field in the future. The book is appropriate for students as well as for experts seeking detailed information in the area of hydrometeorology. | ||
| 650 |
_aHydrometeorology _9725006 |
||
| 650 | _aMeteorology | ||
| 650 |
_aAtmospheric Science _9752184 |
||
| 700 |
_aMason, Alfredo _eEditor _9752185 |
||
| 942 |
_2CC _n0 _cTB _hU28 R3 |
||
| 999 |
_c1308879 _d1308879 |
||